000 00560nam a2200205Ia 4500
020 _a0028252195 (v. 1)
020 _a0028252217 (v. 2)
020 _a0028252225 (v. 3)
040 _cVJA
082 _a510 GLE 1998 A029 Or.
245 0 0 _aMathematics :
_bapplications and connections /
250 _aTeacher's wraparound ed.
260 _aNew York :
_bGlencoe,
_cc1998.
300 _a3 v. :
_bill. ;
_c28 cm.
500 _aIncludes index.
500 _a"Multimedia edition"--Cover.
650 0 _aMathematics
700 1 _aCollins, William.
942 _cEK
999 _c11529
_d11529